01292nam0a22002891 4500001001100000005001700011021001900028035002600047100004100073101001300114102000700127105001800134200021800152210006300370215002900433225005300462300006000515513002700575606005600602606006000658700003500718702002900753702016100782801001800943801002200961852001900983rc\314527020250530083259.0 aRUb[75-67787] a(NLR Aleph) 007319926 a20120615d1975 |||y0rusy50 ca1 arusceng aRU aa z |||||1 aНеуловимые мгновенияe[Сокр. пер. с англ.fЛит. запись А. ТренговаgПослесл. мастера спорта, канд. пед. наук А.Н. Макарова] aМоскваc[Физкультура и спорт]d1975 a191 с., 8 л. ил.d201 aЗвезды зарубежного спорта aДоп. тит. л.: Ron Clarke. The unforgiving minute0 aThe unforgiving minute aБег на длинные дистанции2psbo aЛегкая атлетикаyАвстралия2psbo 1aКларкbР.f1937-gРон 1aТренговbА.4570 140807ca8rusaМакаровbА. Н.cд-р пед. наук, легкая атлетикаgАлександр Николаевич3RU\NLR\AUTH\770203206 0aRUbNLRgpsbo 1aRUbELAR2rusmarc aNLRj75-3/5529